Top 31 Wimbledon Premier League Starters Quiz Stats

 Plays Quiz not verified by Sporcle

Challenge
Share
Tweet
Embed
Score 0/31 Timer 10:00
0 Plays Today
Starts Player % Correct
171Vinnie Jones
95.7%
178Neil Sullivan
91.4%
240Robbie Earle
88.8%
174Marcus Gayle
77.6%
148Dean Holdsworth
76.7%
102Efan Ekoku
75.9%
85Jason Euell
69%
62John Fashanu
67.2%
158Chris Perry
63.8%
73Oyvind Leonhardsen
62.1%
200Kenny Cunningham
59.5%
116Hans Segers
58.6%
54Carl Cort
56%
141Neal Ardley
50%
99Warren Barton
49.1%
38Lawrie Sanchez
42.2%
Starts Player % Correct
72John Scales
41.4%
82Ben Thatcher
38.8%
70Michael Hughes
37.9%
168Alan Kimble
35.3%
51Peter Fear
31%
143Dean Blackwell
26.7%
54Andy Clarke
23.3%
37Mick Harford
21.6%
35Trond Andersen
18.1%
49Andy Roberts
14.7%
52Alan Reeves
12.1%
75Gary Elkins
9.5%
64Brian McAllister
8.6%
61Scott Fitzgerald
8.6%
47Roger Joseph
6.9%

You're not logged in!

Compare scores with friends on all Sporcle quizzes.
OR
Log In

You Might Also Like...

Show Comments

Extras

Top Quizzes Today


Score Distribution

Your Account Isn't Verified!

In order to create a playlist on Sporcle, you need to verify the email address you used during registration. Go to your Sporcle Settings to finish the process.

Report this User

Report this user for behavior that violates our Community Guidelines.

Details: